Sol et sous-sol relations avec les etres vivants : recueil de 16 documents et d'exercices s' y rapportant por le travail individualise des eleves et permettant l' emploi de formes nouvelles d' evaluation
Αποθηκεύτηκε σε:
| Κύριος συγγραφέας: | |
|---|---|
| Άλλοι συγγραφείς: | , |
| Μορφή: | Βιβλίο |
| Γλώσσα: | French |
| Δημοσίευση: |
Amiens :
Centre regional de documentation pedagogigue,
c1990
|
| Σειρά: | Interactions et environnement ;
; 3 |
| Θέματα: | |
| Ετικέτες: |
Προσθήκη ετικέτας
Δεν υπάρχουν, Καταχωρήστε ετικέτα πρώτοι!
|
MARC
| LEADER | 00000nam a2200000 i 4500 | ||
|---|---|---|---|
| 001 | 1/11566 | ||
| 008 | 000913s1990 fre d | ||
| 020 | |a 2-86615-075-9 | ||
| 035 | |l 10063879 | ||
| 040 | |a GR-MY-UA |b gre |e aacr | ||
| 041 | 0 | |a fre | |
| 082 | 0 | |a 577.57 | |
| 100 | 1 | |a Minot, Alain. | |
| 245 | 1 | 0 | |a Sol et sous-sol relations avec les etres vivants : |b recueil de 16 documents et d'exercices s' y rapportant por le travail individualise des eleves et permettant l' emploi de formes nouvelles d' evaluation / |c par Alain Minot ; introduction de Joseph Gourlaouen et de Michel Fauquet |
| 260 | |a Amiens : |b Centre regional de documentation pedagogigue, |c c1990 | ||
| 300 | |a 18 p.; |c 30 cm | ||
| 490 | 1 | |a Interactions et environnement |v ; 3 | |
| 650 | 0 | 0 | |a Soils. |
| 650 | 0 | 0 | |a Subsoils. |
| 650 | 0 | 0 | |a Environmental policy. |
| 700 | 1 | |a Gourlaouen, Joseph. | |
| 700 | 1 | |a Fauquet, Michel. | |
| 830 | 0 | |a Interactions et environnement ; |v ; 3 | |
| 852 | |a INST |b RHODES |e 20000913 |h 577.57 MIN |p 005400013816 |q 005400013816 |t BK |y 0 | ||
| 909 | |a Ρ |b 022245 | ||
| 922 | |a 4ΕΛΗ |b 199205 | ||
| 970 | |z 2000/09/ΧΡΥΣΑΝΘΗ | ||